| 000 | 01411cam a2200289 a 4500 | ||
|---|---|---|---|
| 001 | 000013464 | ||
| 003 | DO-SdBNP | ||
| 005 | 20250617124246.0 | ||
| 008 | 950222s1994 ve b 001 0 spa d | ||
| 020 | _a9803170635 | ||
| 040 |
_aDO-SdBNP _bspa _cNcD _dBNPHU |
||
| 049 | _aBNGR | ||
| 082 |
_a327.7291 _bC277c |
||
| 245 | 0 | 3 |
_aEl Caribe y Cuba en la posguerra fría / _cAndrés Serbin, Joseph Tulchin (compiladores) ; edición Helena González. |
| 260 |
_aCaracas, (Venezuela) : _bInstituto Venezolano de Estudios Sociales y Políticos (INVESP) : _bNueva Sociedad, _c1994. |
||
| 300 |
_a272 p. ; _c23 cm. |
||
| 504 | _aIncluye referencias bibliográficas. | ||
| 520 | 1 |
_aEstudio más completo disponible incluye una amplia cobertura de las relaciones cubano-Caribe desde diferentes perspectivas. Rangos de las cuestiones de la transición del régimen en el ámbito de la migración. Los expertos en el campo contribuyó capítulos" - Handbook of Latin American Studies, v. 57. _uhttp://www.loc.gov/hlas/ |
|
| 650 | 4 |
_aCooperación económica _zCuba _930755 |
|
| 650 | 4 |
_aCooperación económica _zCaribe (Región) _930756 |
|
| 651 | 4 |
_aCaribe, Región _xRelaciones económicas exteriores _zCuba _930757 |
|
| 700 | 1 |
_aSerbin, Andrés. _ecomp. _930573 |
|
| 700 | 1 |
_aTulchin, Joseph S., _ecomp. _930758 |
|
| 700 | 1 |
_aGonzález, Helena _eed. _919692 |
|
| 910 | _aCatalogación por copia/LC | ||
| 942 |
_2ddc _cLBS1 |
||
| 999 |
_c13088 _d13088 |
||